Základné úlohy ekologickej politiky v SR bakalárska práca

Enregistré dans:
Détails bibliographiques
Auteur principal: Mihalovičová, Alexandra
Collectivité auteur: Národohospodárska fakulta EU. Katedra hospodárskej politiky
Autres auteurs: Tokárová, Mária
Format: Livre
Langue:slovaque
Publié: Bratislava 2010
Tags: Ajouter un tag
Pas de tags, Soyez le premier à ajouter un tag!

MARC

LEADER 00000nbm a2200000 4500
001 0133054
005 20161109111503.0
041 0 |a slo 
044 |a SK 
245 1 0 |a Základné úlohy ekologickej politiky v SR  |b bakalárska práca  |c Alexandra Mihalovičová ; školiteľ: Mária Tokárová 
264 1 |a Bratislava  |c 2010 
300 |a 51 s. 
100 1 |a Mihalovičová, Alexandra 
700 1 |a Tokárová, Mária 
710 2 |a Národohospodárska fakulta EU. Katedra hospodárskej politiky